Statistieken voor Malawi Trivia Quiz

Klik hier om de quiz te nemen!

Algemene statistieken

  • Deze quiz is 183 keer genomen
    (178 sinds de laatste reset)
  • De gemiddelde score is 11 van 14

Antwoordstatistieken

HintAntwoord% Correct
Aangrenzende landenTanzania
93%
Aangrenzende landenZambia
92%
Aangrenzende landenMozambique
89%
9,2% van de volwassenen heeft deze ziekte, een van de hoogste percentages ter wereldHIV/AIDS
87%
Europees land dat Malawi koloniseerdeVerenigd Koninkrijk
86%
Dominante religieChristendom
80%
Hoe 80% van de Malawiërs in hun geld verdienenLandbouw
79%
Het land Malawi deelt zijn naam met een groot ____Meer
79%
Object zichtbaar op de vlagRijzende zon
79%
Malawi was het enige Afrikaanse land dat vóór 1994 betrekkingen met dit nabijgelegen land onderhieldZuid-Afrika
77%
HoofdstadLilongwe
76%
... waar meer soorten ___ leven dan welke andere dan ookVissen
56%
Voormalige naam van Malawi{Nyasa}land
45%
Vallei die door Malawi heen gaatGrote {Slenk}
38%

Scoreverdeling

Percentiel versus Aantal Correcte Antwoorden

Procent van Mensen met Elke Score

Uw Scoregeschiedenis

U heeft deze quiz nog niet genomen sinds de laatste reset